| 000 | 01419nam a22002537a 4500 | ||
|---|---|---|---|
| 001 | 3630 | ||
| 003 | FISKH | ||
| 005 | 20240401100321.0 | ||
| 008 | 240401b cb ||||| |||| 00| 0 eng d | ||
| 020 | _a9789996335266 | ||
| 040 |
_aFISKH _bkhr _cFISKH _dFISKH |
||
| 050 | _aPZ7 | ||
| 082 | _a495.9 | ||
| 100 | _aLis, Chhun | ||
| 245 |
_aការស្តាប់អត្ថបទ ភាសាខ្មែរ : _bបឋមភូមិ និងទុតិយភូមិ / _cរៀបរៀងដោយ : លោក ឈុន លិះ |
||
| 260 |
_aភ្នំពេញ : _bបណ្ណាគារ បន្ទាយស្រី, _c2012. |
||
| 300 |
_a152 pages : _c21 cm |
||
| 520 | _aជាសៀវភៅដែលចងក្រងឡើងដើម្បីជាជំនួយ និងតម្រូវការចាំបាច សម្រាប់លោកគ្រូអ្នកគ្រូ នៅក្នុងការបង្ហាត់បង្រៀនដល់សិស្សានុសិស្សដែលជាកុលបុត្រខ្មែរ។ | ||
| 520 | _aA book compiled to be an aid and a necessity for teachers in the training of students who are of Khmer descent. | ||
| 650 |
_aសៀវភៅអំណាន _xសៀវភៅជំនួយបន្ថែម |
||
| 650 |
_aReading Book អាន _xExtra Book |
||
| 942 |
_2ddc _cKHB _n0 |
||
| 999 |
_c3630 _d3630 |
||